00967cam a22003014a 450000100090000000300050000900500170001400800410003101000170007202000350008903800110012404000180013504200080015305000210016108200160018210000290019824500390022725000170026626000560028330000330033950000410037250400510041356300150046465000140047965000400049385600750053385600570060813767325NUST20241111164659.0041101r20051971nyua b 001 0 eng  a 2004060697 a0674017722 (pbk. : alk. paper) awaseem aDLCcDLCdDLC apcc00aJC578b.R38 200500a340.11bRAW1 aRawls, John,d1921-2002.12aA theory of justice /cJohn Rawls. aOriginal ed. aCambridge, Mass. :bBelknap Press,c[2005?], c1971. axv, 607 p. :bill. ;c23 cm. aReprint. Originally published: 1971. aIncludes bibliographical references and index. aPaperback. 0aJustice.  0aNLS2024, NLSTEXTBOOKS, NLSEBOOKBANK413Table of contentsuhttp://www.loc.gov/catdir/toc/fy053/2004060697.html41uhttp://10.250.8.41:8080/xmlui/handle/123456789/47857